Contabilidad básica

保存先:
書誌詳細
第一著者: Fowler Newton, Enrique (著者)
フォーマット: 図書
言語:スペイン語
出版事項: Buenos Aires Contabilidad Moderna 1980
主題:
タグ: タグ追加
タグなし, このレコードへの初めてのタグを付けませんか!

MARC

LEADER 00000nam a2200000 a 4500
001 UCR3537
003 CL-VaPUC
008 980124e19800000AG |||||||||||||||||spa|d
082 0 4 |a 657  |b FOW  |2 21 
100 0 |a Fowler Newton, Enrique  |e author  |9 402438 
245 1 0 |a Contabilidad básica 
300 |a 637 p 
942 |c BK 
945 |d 19980124 00:00:00  |a aolguin 
260 |a Buenos Aires  |b Contabilidad Moderna  |c 1980 
650 0 |a Contabilidad   |9 261430 
650 0 |a Empresas   |9 255569 
650 0 |a Administración de empresas   |9 260833 
650 7 |a PROCESO CONTABLE  |2 CL-VaPUC  |9 402439 
650 0 |a Libros de contabilidad  |9 402440 
650 7 |a RECURSOS FINANCIEROS  |2 CL-VaPUC  |9 359145 
650 0 |a Adquisición de bienes   |9 402452 
650 0 |a Adquisición de servicios   |9 402442 
650 0 |a Venta  |9 385868 
650 7 |a MOVIMIENTO DE CAPITAL  |2 CL-VaPUC  |9 345100 
650 0 |a Inversiones  |9 261520 
650 0 |a Costos   |9 261063 
650 0 |a Impuestos  |9 255450 
650 7 |a TASAS  |2 CL-VaPUC  |9 402443 
650 0 |a Depreciación  |9 358644 
650 7 |a OPERACIONES COMERCIALES  |2 CL-VaPUC  |9 337866 
650 7 |a MONEDA EXTRANJERA  |2 CL-VaPUC  |9 402444 
650 0 |a Crédito  |9 256211 
650 7 |a MORA  |2 CL-VaPUC  |9 259692 
650 0 |a Inventario  |9 402445 
650 7 |a REGISTROS CONTABLES  |2 CL-VaPUC  |9 402446 
650 0 |a Proceso de datos   |9 259776 
650 7 |a RENDICION DE CUENTAS  |2 CL-VaPUC  |9 402447 
650 0 |a Informes  |9 334810 
650 0 |a Estados contables  |9 402448 
583 |a last modification  |c 19980124 00:00:00  |k Rodrigo Vera 
999 |c 266596  |d 266594 
952 |0 0  |1 0  |4 0  |6 657_000000000000000_FOW_1980  |7 0  |8 P  |9 298349  |a BIBGIM  |b BIBGIM  |d 2019-11-20  |i 1942085  |o 657 FOW 1980  |p 1942085  |r 2025-01-15  |w 2019-11-20  |y BK  |k COM